Hodnotenie interného prostredia podniku bakalárska práca

Saved in:
Bibliographic Details
Main Author: Šimková, Diana
Corporate Author: Podnikovohospodárska fakulta EU so sídlom v Košiciach. Katedra manažmentu
Other Authors: Barlašová, Terézia
Format: Book
Language:Slovak
Published: Košice 2020
Tags: Add Tag
No Tags, Be the first to tag this record!

MARC

LEADER 00000nbm a2200000 4500
001 0265394
005 20210421112135.9
041 0 |a slo 
044 |a SK 
245 1 0 |a Hodnotenie interného prostredia podniku  |b bakalárska práca  |c Diana Šimková ; školiteľ: Terézia Barlašová 
264 1 |a Košice  |c 2020 
300 |a 53 s. 
100 1 |a Šimková, Diana 
700 1 |a Barlašová, Terézia 
710 2 |a Podnikovohospodárska fakulta EU so sídlom v Košiciach. Katedra manažmentu